000 01308nam a22003377a 4500
003 EG-GICUC
005 20260128140426.0
008 260128s1999 ua ||||fr|||| 00| 0 ara d
017 _a1997/7973
020 _a9775393517
040 _a EG-GICUC
_bara
_c EG-GICUC
_d EG-GICUC
_erda
041 _aara
082 0 4 _221
_a343.317
_bس ل . ب
092 0 4 _221
099 _aLaw1 10 343.317 1999
100 0 _aسليمان عبدالمنعم
_eمؤلف.
245 _aبطلان الإجراء الجنائي :
_bمحاولة تأصيل أسباب البطلان فى ظل قضاء النقض فى مصر ولبنان وفرنسا/
_cسليمان عبدالمنعم
264 _aالإسكندرية :
_bدار الجامعة الجديدة للنشر ,
_c1999 .
300 _a327 صفحة;
_c24 سم
336 _2rda content
_atext
337 _2rda media
_aComputer
338 _2rda carrier
_aOnline Resource
504 _aيتضمن قائمة المراجع ص 311
504 _aيتضمن قائمة الإختصارات ص 309
546 _aالنص باللغة العربية
650 1 _aقانون جنائي
650 1 _aبطلان الإجراءات الجنائية
856 4 0 _uhttps://fll.law.cu.edu.eg/fulltext/bks/B10-05574.pdf
905 _a44
942 _2ddc
_cBK
_e21
_n0
999 _c59948
_d59948